00631cam a22001932 4500001001100000005001700011008004100028020002700069040001500096100003000111245009200141250001300233260003800246300001800284650003600302650003400338700003500372700003000407000000911520151217145846.0080903s xx 000 0 eng d a0421830603 :cKES 3200 aKABUcKABU1 aUpex, Robert.@000016015810aDavies on contract /cRobert Upex, Geoffrey Bennett with a contribution by Jason Chuah. a 9th ed. aLondon :bSweet & Maxwell,c2004. axxvi, 309 p. 0aContractszEngland.@0000160118 0aContractszWales.@00001601191 aBennett, Geoffrey.@00001601591 aChuah, Jason.@0000160160